00690nam a2200205 i 450000100060000000300090000600500170001500700030003200800410003502000180007602000180009408000490011210000240016124500930018526000730027830000220035150400340037360000550040785200220046291788ES-MaACL20240223153257.0t|050215s2000 sp ||||1| spa d a84-95107-51-1 a3-89354-116-0 a821.134.2 Cervantes Saavedra, Miguel de 2.071 aMaestro, Jesús G.13aLa escena imaginaria : bpoética del teatro de Miguel Cervantes /cJesús G. Maestro. aMadrid : bIberoamericana ; aFrankfur am Main : bVervuert, c2000. a382 p. ; c23 cm. aBibliografía: p. [371]-382.14aCervantes Saavedra, Miguel de,d1547-1616-xTeatro4 aES-MaACLjL-28839